Responses for Show #7729 - Thursday, March 29, 2018

Contestants

[<< previous game]

Alex Lopinto, a veterinary ophthalmologist from Brooklyn, New York

Shannan Younger, a writer from Naperville, Illinois

Emily Milan, a nanny from Birmingham, Michigan (whose 1-day cash winnings total $11,601)

[next game >>]

Jeopardy! Round responses

THE CENSUS ASKS
WHITE
"BLACK"
ASIAN
HIS PANIC
WE'RE ALL AMERICANS
    $200 17
(Emily: What is a television?)

a radio

EmilyAlex
    $200 24
a laser

Alex
    $200 1
a black eye

Alex
    $200 6
Nepal

Emily
    $200 16
New Kids on the Block

Shannan
    $200 8
Billie Jean King

Emily
    $400 18
Chicano

Triple Stumper
    $400 25
a whiteboard

Emily
    $400 2
the Blackhawks

Alex
    $400 7
Bollywood

Shannan
    $400 20
Martin Van Buren

Triple Stumper
    $400 9
Aretha Franklin

Alex
    $600 19
a mortgage

Triple Stumper
    $600 26
teeth

Alex
    $600 3
Back in Black

Alex
    $600 10
(Shannan: What is the Mongolian Desert?)

the Gobi Desert

ShannanAlex
    $600 21
(Orson) Welles

Alex
    $600 12
America Ferrera

Shannan
    $800 29
Guam

Shannan
    $2,000 27
(Alex Lopinto: What is six?)

seven

Alex
    $800 4
Black and Decker

Shannan
    $800 11
Saudi Arabia

Shannan
    $800 22
Ares

Emily
    $800 13
Katharine Hepburn

Emily
    $1000 30
slaves

Shannan
    $1000 28
melanin

Alex
    $1000 5
Black Beauty

Emily
    $1000 15
the Caspian Sea

Emily
    $1000 23
(Shannan: What is the British army?)

the Continental Army

Shannan
Triple Stumper
    $1000 14
Marc Jacobs

Alex

Scores at the first commercial break (after clue 15):

Emily Shannan Alex
$3,200 $2,000 $3,200

Scores at the end of the Jeopardy! Round:

Emily Shannan Alex
$4,200 $3,000 $3,800

Double Jeopardy! Round responses

WESTERN NOVELS
SONGS FROM BROADWAY MUSICALS
BATTLES
13-LETTER WORDS
STAMPS
THAT'S NOT FLYING!
    $400 6
(Emily: Who is Zorro?)

the Lone Ranger

Emily
Triple Stumper
    $400 1
Hamilton

Shannan
    $400 20
Fort Sumter

Alex
    $400 17
procrastinate

Emily
    $400 7
Maleficent

Emily
    $400 12
fins

Emily
    $800 24
Law of the Trigger

Triple Stumper
    $800 2
The Producers

Alex
    $800 21
Wales

Shannan
    $800 18
(Emily: What is droolworthy?)

mouthwatering

EmilyShannan
    $800 8
Walden Pond

Emily
    $800 13
a squirrel

Emily
    $1200 25
Little Big Man

Emily
    $2,000 3
(Alex Trebek: Alex?)
(Alex Lopinto: What is 42nd Street?)

Spamalot

Alex
    $2,000 26
Afghanistan

Emily
    $1200 19
sportsmanlike (or sportsmanship)

Emily
    $1200 9
a boutonniere

Shannan
    $1200 14
possums

Alex
    $1600 28
a lynching

Triple Stumper
    $1600 4
Man of La Mancha

Alex
    $1600 27
King Leonidas

Triple Stumper
    $1600 22
percussionist

Emily
    $1600 10
flan

Shannan
    $1600 15
a snake

Alex
    $2000 29
Zane Grey

Triple Stumper
    $2000 5
School of Rock

Emily
    $2000 30
(Alex Lopinto: What is the Maharaja?)

the Mughal empire

Alex
Triple Stumper
    $2000 23
deforestation

Shannan
    $2000 11
the University of Notre Dame

Shannan
    $2000 16
(Emily: What's a whale?)
(Alex Lopinto: What is a slug?)

a squid

EmilyAlex
Triple Stumper

Scores at the end of the Double Jeopardy! Round:

Emily Shannan Alex
$11,800 $11,800 $3,400

[wagering suggestions for these scores]

Final Jeopardy! Round responses

AFRICAN-AMERICAN ACHIEVEMENTS
(Alex Trebek: And if you read the book or saw the movie called Hidden Figures, you would have had no problem whatsoever with this clue.)
AlexWhat is NASA?
$3,300
ShannanWhat is NASA?
$4,999
EmilyWhat is NASA?
$11,800
NASA

Final scores:

Emily Shannan Alex
$23,600 $16,799 $6,700
2-day champion: $35,201 2nd place: $2,000 3rd place: $1,000

Game dynamics:

Coryat scores:

Emily Shannan Alex
$11,000 $11,800 $7,400
17 R
(including 1 DD),
4 W
14 R,
2 W
16 R,
4 W
(including 2 DDs)

Combined Coryat: $30,200

[game clues] [game scores] [suggest correction]

Game tape date: 2018-01-16
The J! Archive is created by fans, for fans. Scraping, republication, monetization, and malicious use prohibited; this site may use cookies and collect identifying information. See terms. The Jeopardy! game show and all elements thereof, including but not limited to copyright and trademark thereto, are the property of Jeopardy Productions, Inc. and are protected under law. This website is not affiliated with, sponsored by, or operated by Jeopardy Productions, Inc. Join the discussion at JBoard.tv.